Countries of Europe - 1800 (Languages & Rulers) - Statistics

General Stats
  • This quiz has been taken 158 times
  • The average score is 25 of 52
Answer Stats
Nation Language Ruler % Correct
French/German
95%
France French Napoleon
94%
German
91%
Russia Russian Pavel I
90%
Great Britain English George III
89%
French
88%
English
87%
Russian
86%
Austria German Francis II
85%
Spain Spanish Carlos IV
81%
Spanish
81%
Portugal Portuguese Maria I
80%
Prussia German Friedrich Wilhelm III
80%
Portuguese
78%
Italian
76%
Sweden Swedish Gustav IV Adolf
73%
Denmark Danish Christian VII
71%
Swedish
71%
Danish
69%
Ottoman Empire Turkish Selim III
69%
Turkish
69%
Napoleon
64%
Bavaria
58%
Papal States
56%
Sicily Sicilian/Latin
54%
Sicilian/Latin
53%
Naples Italian
51%
Andorra
44%
Dutch
43%
Sardinia Sardinian Charles Emmanuel IV
42%
George III
40%
Holy Roman Empire German Francis II
39%
San Marino Italian
37%
Sardinian
36%
Saxony
36%
Romanian
27%
Wallachia Romanian
20%
Hanover
19%
Batavia Dutch
17%
Moldavia
17%
Francis II
15%
Carlos IV
10%
Helvetia German/French
10%
Friedrich Wilhelm III
7%
Christian VII
6%
Maria I
6%
Pavel I
6%
Gustav IV Adolf
3%
Cisalpine Republic
2%
Ligurian Republic
2%
Selim III
2%
Charles Emmanuel IV
1%
No matching quizzes found
Score Distribution
Percent of People with Each Score
Percentile by Number Answered
Your Score History
You have not taken this quiz